Personnages de mangas de A à Z en images - Statistiques

Statistiques générales
  • Ce quiz a été pris 1 458 fois
    955 depuis la dernière actualisation
  • Le résultat moyen est 10 sur 26
Statistiques - réponses
Par images Hint Réponse % Correct
Z Zenitsu Agatsuma
83%
I Ino Yamanaka
78%
G Garp
76%
M Manjiro Sano
76%
E Emma
74%
N Nobara Kugisaki
68%
V Violet Evergarden
65%
J Jiren
56%
P Power
54%
O Orihime Inoue
44%
R Rem
37%
T Toriko
36%
C Ciel Phantomhive
35%
A Alucard
27%
K Kyoka Jiro
27%
Y Yuno Gasai
23%
B Black Star
21%
U Uta
17%
F Filo
14%
H Haru
11%
W Whitesnake
11%
D Decim
10%
X Xenovia Quarta
6%
L Lyza
4%
S Shiroe
3%
Q Quatre Raberba Winner
1%
Aucun quiz correspondant
Distribution des résultats
% des personnes avec chaque résultat
Percentile par nombre de réponses
Votre historique - résultats
Vous n’avez pas pris ce quiz depuis la dernière actualisation